| 000 | 00362cam a22001337a 4500 | ||
|---|---|---|---|
| 008 | 180718b1992 xxu||||| |||| 00| 0 eng d | ||
| 082 | _aA99 N194 | ||
| 100 | _aNath, M. | ||
| 245 |
_aReflections of an industrialist: from mudhouse to millionaire _cby M. Nath |
||
| 260 |
_aCalcutta _bEMC _c1992 |
||
| 300 | _a187p. | ||
| 500 | _aRs.95.00 | ||
| 650 | _aEnterpreneurs | ||
| 999 |
_c477504 _d477504 |
||